000 00433nam a2200157Ia 4500
008 210210b1979 xxu||||| |||| 00| 0 eng d
020 _a0 7069 0643 8
082 _a530.028 SARP
100 _aSARAF (B) & others.
245 _aPhysics through experiment 1 E N F constant & varying.
260 _aND
_bVikas Publishing
_c1979
300 _axvi,144
650 _aPhysics experiments
690 _aPhysics Practical
906 _a039662
999 _c89553
_d89553